<?xml version="1.0" encoding="UTF-8"?>
<record
    xmlns:xsi="http://www.w3.org/2001/XMLSchema-instance"
    xsi:schemaLocation="http://www.loc.gov/MARC21/slim http://www.loc.gov/standards/marcxml/schema/MARC21slim.xsd"
    xmlns="http://www.loc.gov/MARC21/slim">

  <leader>01134cam a2200289   4500</leader>
  <controlfield tag="001">279532</controlfield>
  <controlfield tag="003">AUA.1</controlfield>
  <controlfield tag="005">20150226110336.0</controlfield>
  <controlfield tag="008">840730m19649999nyu      b    001 0 eng  </controlfield>
  <datafield tag="010" ind1=" " ind2=" ">
    <subfield code="a">00-021363</subfield>
  </datafield>
  <datafield tag="020" ind1=" " ind2=" ">
    <subfield code="a">978-0-300-139891</subfield>
  </datafield>
  <datafield tag="040" ind1=" " ind2=" ">
    <subfield code="a">DLC</subfield>
    <subfield code="c">DLC</subfield>
    <subfield code="d">DLC</subfield>
  </datafield>
  <datafield tag="050" ind1="0" ind2="0">
    <subfield code="a">BS 2341 </subfield>
    <subfield code="b">.A53 2001</subfield>
  </datafield>
  <datafield tag="082" ind1="0" ind2="0">
    <subfield code="a">220.6/6</subfield>
    <subfield code="2">19</subfield>
  </datafield>
  <datafield tag="100" ind1=" " ind2=" ">
    <subfield code="a">Koester, Craig R.</subfield>
    <subfield code="9">18207</subfield>
  </datafield>
  <datafield tag="130" ind1="0" ind2=" ">
    <subfield code="a">Bible.</subfield>
    <subfield code="l">English.</subfield>
    <subfield code="s">Anchor Bible.</subfield>
    <subfield code="f">1964.</subfield>
    <subfield code="9">18208</subfield>
  </datafield>
  <datafield tag="245" ind1="1" ind2="4">
    <subfield code="a">The Anchor Bible :</subfield>
    <subfield code="b">Hebrews /</subfield>
    <subfield code="c">Craig R. Koester.</subfield>
  </datafield>
  <datafield tag="260" ind1=" " ind2=" ">
    <subfield code="a">New Haven</subfield>
    <subfield code="a">London</subfield>
    <subfield code="a">Doubleday</subfield>
    <subfield code="b">Yale University Press.</subfield>
    <subfield code="c">2001.</subfield>
  </datafield>
  <datafield tag="300" ind1=" " ind2=" ">
    <subfield code="a">xxiii, 604p. :</subfield>
    <subfield code="c">24 cm.</subfield>
  </datafield>
  <datafield tag="440" ind1=" " ind2=" ">
    <subfield code="a">The Anchor Bible :</subfield>
    <subfield code="n">vol. 36.</subfield>
    <subfield code="9">48498</subfield>
  </datafield>
  <datafield tag="504" ind1=" " ind2=" ">
    <subfield code="a">Includes bibliographical references and indexes.</subfield>
  </datafield>
  <datafield tag="630" ind1="0" ind2="0">
    <subfield code="a">Bible</subfield>
    <subfield code="v">Commentaries</subfield>
    <subfield code="x">Hebrews </subfield>
    <subfield code="9">18209</subfield>
  </datafield>
  <datafield tag="906" ind1=" " ind2=" ">
    <subfield code="a">7</subfield>
    <subfield code="b">cbc</subfield>
    <subfield code="c">orignew</subfield>
    <subfield code="d">2</subfield>
    <subfield code="e">ocip</subfield>
    <subfield code="f">19</subfield>
    <subfield code="g">y-gencatlg</subfield>
  </datafield>
  <datafield tag="942" ind1=" " ind2=" ">
    <subfield code="2">lcc</subfield>
    <subfield code="c">REF</subfield>
    <subfield code="h">BS 2341</subfield>
    <subfield code="i">A53 2001</subfield>
  </datafield>
  <datafield tag="999" ind1=" " ind2=" ">
    <subfield code="c">5257</subfield>
    <subfield code="d">5257</subfield>
  </datafield>
  <datafield tag="952" ind1=" " ind2=" ">
    <subfield code="0">0</subfield>
    <subfield code="1">0</subfield>
    <subfield code="2">lcc</subfield>
    <subfield code="4">0</subfield>
    <subfield code="7">0</subfield>
    <subfield code="8">REF</subfield>
    <subfield code="a">AUA.1</subfield>
    <subfield code="b">AUA.1</subfield>
    <subfield code="c">REF</subfield>
    <subfield code="d">2011-12-21</subfield>
    <subfield code="e">Donation, Biblical Research Institute</subfield>
    <subfield code="g">10.00</subfield>
    <subfield code="h">AUA006101</subfield>
    <subfield code="l">0</subfield>
    <subfield code="o">BS 2341.2 .A53 2001</subfield>
    <subfield code="p">AUA006101</subfield>
    <subfield code="r">2011-12-21 00:00:00</subfield>
    <subfield code="t">v.36</subfield>
    <subfield code="v">10.00</subfield>
    <subfield code="w">2011-12-21</subfield>
    <subfield code="y">REF</subfield>
  </datafield>
</record>
